Statystyki dla Państwa z największym spożyciem piwa

Kliknij tutaj aby rozwiązać quiz!

Ogólne statystyki

  • Ten quiz został rozwiązany 40 razy
  • Średni wynik to 21 z 30

Statystyki odpowiedzi

LitryPaństwo% Poprawnych
97,7Polska
100%
100,3Niemcy
97%
140,0Czechy
94%
72,7Stany Zjednoczone
94%
57,7Rosja
91%
79,3Holandia
88%
53,5Kanada
85%
74,4Litwa
85%
107,8Austria
82%
65,9Belgia
82%
70,1Wielka Brytania
82%
88,8Hiszpania
76%
92,9Irlandia
76%
58,4Brazylia
74%
72,0Finlandia
74%
81,4Łotwa
74%
70,5Meksyk
74%
54,9Portugalia
74%
75,1Australia
71%
80,5Estonia
71%
80,0Słowenia
71%
59,8Dania
68%
85,5Chorwacja
65%
55,1Szwajcaria
62%
61,0Nowa Zelandia
56%
99,8Rumunia
53%
78,7Bułgaria
50%
60,1Republika Południowej Afryki
47%
78,3Panama
21%
95,5Namibia
12%

Rozkład punktacji

Percentyl według liczby udzielonych odpowiedzi

Procent ludzi z każdym wynikiem

Twoja historia wyników

Nie rozwiązałeś tego quizu